Randomowa "30" - Statystyki

Ogólne statystyki
  • Ten quiz został rozwiązany 599 razy
  • Średni wynik to 14 z 30
Statystyki odpowiedzi
Klub Komentarz Odpowiedź % Poprawnych
Motor Lublin Andrzej Dyś Andrzej Dyś
100%
Wybrzeże Gdańsk Andrzej Marynowski Andrzej Marynowski
100%
Unia Tarnów Andrzej Tanaś Andrzej Tanaś
100%
Unia Tarnów Andrzej Zając Andrzej Zając
100%
Falubaz ZG Andrzej Zarzecki Andrzej Zarzecki
100%
Sparta Wrocław Bohdan Jaroszewicz Bohdan Jaroszewicz
100%
Falubaz ZG Bolesław Proch Bolesław Proch
100%
ROW Rybnik Bronisław Klimowicz Bronisław Klimowicz
100%
Wybrzeże Gdańsk Cyprian Szymko Cyprian Szymko
100%
Unia Leszno Czesław Piwosz Czesław Piwosz
100%
Unia Leszno Dariusz Baliński Dariusz Baliński
100%
Falubaz ZG Dawid Kujawa Dawid Kujawa
100%
Wybrzeże Gdańsk Dominik Żebrowski Dominik Żebrowski
100%
Stal Rzeszów Eugeniusz Nazimek Eugeniusz Nazimek
100%
ROW Rybnik Eugeniusz Tudzież Eugeniusz Tudzież
100%
Falubaz ZG Grzegorz Kłopot Grzegorz Kłopot
100%
Sparta Wrocław Grzegorz Malinowski Grzegorz Malinowski
100%
Unia Leszno Grzegorz Sterna Grzegorz Sterna
100%
Falubaz ZG Grzegorz Walasek Grzegorz Walasek
100%
Sparta Wrocław Henryk Jasek Henryk Jasek
100%
Wybrzeże Gdańsk Henryk Żyto Henryk Żyto
100%
Stal Rzeszów Jan Krzystyniak Jan Krzystyniak
100%
Unia Leszno Jan Kusiak Jan Kusiak
100%
Stal Rzeszów Jan Malinowski Jan Malinowski
100%
Śląsk Świętochłowice Jan Mucha Jan Mucha
100%
Falubaz ZG Jan Połubiński Jan Połubiński
100%
Wybrzeże Gdańsk Jan Tkocz Jan Tkocz
100%
Stal Rzeszów Janusz Kościelak Janusz Kościelak
100%
Apator Toruń Janusz Kościelak Janusz Kościelak
100%
Apator Toruń Janusz Plewiński Janusz Plewiński
100%
Stal Rzeszów Janusz Ślączka Janusz Ślączka
100%
Apator Toruń Jan Ząbik Jan Ząbik
100%
Falubaz ZG Jarosław Glinka Jarosław Glinka
100%
Sparta Wrocław Jerzy Błoch Jerzy Błoch
100%
ROW Rybnik Jerzy Gryt Jerzy Gryt
100%
Śląsk Świętochłowice Jerzy Kochman Jerzy Kochman
100%
Motor Lublin Jerzy Mordel Jerzy Mordel
100%
Sparta Wrocław Jerzy Trzeszkowski Jerzy Trzeszkowski
100%
Ostrovia (KM) Ostrów Karol Malecha Karol Malecha
100%
ROW Rybnik Karol Peszke Karol Peszke
100%
Ostrovia (KM) Ostrów Kazimierz Bentke Kazimierz Bentke
100%
Śląsk Świętochłowice Kazimierz Bury Kazimierz Bury
100%
Ostrovia (KM) Ostrów Kazimierz Kurek Kazimierz Kurek
100%
ROW Rybnik Krzysztof Fliegert Krzysztof Fliegert
100%
Sparta Wrocław Krzysztof Kałuża Krzysztof Kałuża
100%
Falubaz ZG Leszek Jaskulski Leszek Jaskulski
100%
Wybrzeże Gdańsk Leszek Marsz Leszek Marsz
100%
Śląsk Świętochłowice Leszek Matysiak Leszek Matysiak
100%
Śląsk Świętochłowice Lotar Antoni Dudek Lotar Antoni Dudek
100%
Ostrovia (KM) Ostrów Ludwik Rataj Ludwik Rataj
100%
ROW Rybnik Łukasz Romanek Łukasz Romanek
100%
Śląsk Świętochłowice Maciej Fabiszak Maciej Fabiszak
100%
Ostrovia (KM) Ostrów Marek Garsztka Marek Garsztka
100%
Falubaz ZG Marek Molka Marek Molka
100%
Motor Lublin Marek Muszyński Marek Muszyński
100%
Motor Lublin Marian Gomułka Marian Gomułka
100%
Motor Lublin Marian Stawecki Marian Stawecki
100%
Unia Tarnów Mariusz Niemczura Mariusz Niemczura
100%
Sparta Wrocław Mariusz Węgrzyk Mariusz Węgrzyk
100%
Ostrovia (KM) Ostrów Mirosław Ćwikła Mirosław Ćwikła
100%
Wybrzeże Gdańsk Paweł Duszyński Paweł Duszyński
100%
ROW Rybnik Paweł Dziura Paweł Dziura
100%
Motor Lublin Paweł Staszek Paweł Staszek
100%
Śląsk Świętochłowice Paweł Waloszek Paweł Waloszek
100%
Sparta Wrocław Piotr Baron Piotr Baron
100%
Ostrovia (KM) Ostrów Piotr Kociemba Piotr Kociemba
100%
Motor Lublin Piotr Styczyński Piotr Styczyński
100%
Sparta Wrocław Piotr Świderski Piotr Świderski
100%
Ostrovia (KM) Ostrów Przemysław Brucheiser Przemysław Brucheiser
100%
Ostrovia (KM) Ostrów Przemysław Tajchert Przemysław Tajchert
100%
Śląsk Świętochłowice Rafał Chiński Rafał Chiński
100%
Apator Toruń Robert Kościecha Robert Kościecha
100%
Unia Leszno Robert Mikołajczak Robert Mikołajczak
100%
Sparta Wrocław Robert Słaboń Robert Słaboń
100%
Ostrovia (KM) Ostrów Roman Tajchert Roman Tajchert
100%
Wybrzeże Gdańsk Roman Wieczorek Roman Wieczorek
100%
Unia Leszno Ryszard Buśkiewicz Ryszard Buśkiewicz
100%
Apator Toruń Ryszard Kowalski Ryszard Kowalski
100%
Śląsk Świętochłowice Sebastian Kowolik Sebastian Kowolik
100%
Apator Toruń Sławomir Derdziński Sławomir Derdziński
100%
Unia Tarnów Stanisław Bartnik Stanisław Bartnik
100%
Apator Toruń Stanisław Bauta Stanisław Bauta
100%
ROW Rybnik Stanisław Kiljan Stanisław Kiljan
100%
Falubaz ZG Stanisław Sochacki Stanisław Sochacki
100%
Śląsk Świętochłowice Tadeusz Wiśniewski Tadeusz Wiśniewski
100%
Motor Lublin Tomasz Piszcz Tomasz Piszcz
100%
Ostrovia (KM) Ostrów Tomasz Poprawski Tomasz Poprawski
100%
Apator Toruń Tomasz Świątkiewicz Tomasz Świątkiewicz
100%
Apator Toruń Wiesław Jaguś Wiesław Jaguś
100%
Apator Toruń Wiesław Ośkiewicz Wiesław Ośkiewicz
100%
Falubaz ZG Wiesław Pawlak Wiesław Pawlak
100%
Unia Tarnów Władysław Kamiński Władysław Kamiński
100%
Apator Toruń Wojciech Żabiałowicz Wojciech Żabiałowicz
100%
Unia Tarnów Zbigniew Flegel Zbigniew Flegel
100%
Sparta Wrocław Zbigniew Lech Zbigniew Lech
100%
Falubaz ZG Zbigniew Suchecki Zbigniew Suchecki
100%
Sparta Wrocław Zygmunt Antos Zygmunt Antos
100%
Apator Toruń Zygmunt Słowiński Zygmunt Słowiński
100%
Sparta Wrocław Zygmunt Słowiński Zygmunt Słowiński
100%
Wybrzeże Gdańsk Bolesław Ślaz Bolesław Ślaz
75%
Unia Tarnów Jacek Rempała Jacek Rempała
75%
Ostrovia (KM) Ostrów Arkadiusz Matuszak Arkadiusz Matuszak
67%
Sparta Wrocław Bartłomiej Bardecki Bartłomiej Bardecki
67%
Unia Leszno Henryk Żyto Henryk Żyto
67%
Sparta Wrocław Jan Chudzikowski Jan Chudzikowski
67%
Wybrzeże Gdańsk Jarosław Olszewski Jarosław Olszewski
67%
ROW Rybnik Józef Wieczorek Józef Wieczorek
67%
Apator Toruń Kazimierz Araszkiewicz Kazimierz Araszkiewicz
67%
Apator Toruń Marek Makowski Marek Makowski
67%
Falubaz ZG Mieczysłąw Mendyka Mieczysłąw Mendyka
67%
ROW Rybnik Piotr Padowski Piotr Padowski
67%
Motor Lublin Piotr Pawłowski Piotr Pawłowski
67%
Falubaz ZG Piotr Tomaszewski Piotr Tomaszewski
67%
Sparta Wrocław Sławomir Gonciarz Sławomir Gonciarz
67%
Unia Leszno Zbigniew Jąder Zbigniew Jąder
67%
Unia Leszno Adam Łabędzki Adam Łabędzki
50%
Unia Tarnów Albin Tomczyszyn Albin Tomczyszyn
50%
Falubaz ZG Aleksander Janas Aleksander Janas
50%
Śląsk Świętochłowice Andrzej Kułaga Andrzej Kułaga
50%
ROW Rybnik Antoni Skupień Antoni Skupień
50%
ROW Rybnik Antoni Woryna Antoni Woryna
50%
Falubaz ZG Artur Pawlak Artur Pawlak
50%
Apator Toruń Bogdan Krzyżaniak Bogdan Krzyżaniak
50%
Śląsk Świętochłowice Erwin Brabański Erwin Brabański
50%
ROW Rybnik Grzegorz Szczepanik Grzegorz Szczepanik
50%
Śląsk Świętochłowice Jacek Goerlitz Jacek Goerlitz
50%
Unia Tarnów Jan Kwaśniewicz Jan Kwaśniewicz
50%
Falubaz ZG Jan Ratajczyk Jan Ratajczyk
50%
Falubaz ZG Jan Szurkowski Jan Szurkowski
50%
Unia Leszno Jerzy Kowalski Jerzy Kowalski
50%
Śląsk Świętochłowice Józef Jarmuła Józef Jarmuła
50%
Śląsk Świętochłowice Krystian Fołtyn Krystian Fołtyn
50%
Wybrzeże Gdańsk Krystian Pieszczek Krystian Pieszczek
50%
Motor Lublin Krzysztof Nurzyński Krzysztof Nurzyński
50%
Falubaz ZG Krzysztof Stojanowski Krzysztof Stojanowski
50%
Sparta Wrocław Piotr Bruzda Piotr Bruzda
50%
Ostrovia (KM) Ostrów Piotr Poprawa Piotr Poprawa
50%
ROW Rybnik Rafał Szombierski Rafał Szombierski
50%
Apator Toruń Robert Sawina Robert Sawina
50%
ROW Rybnik Roman Chromik Roman Chromik
50%
Ostrovia (KM) Ostrów Ryszard Pawlak Ryszard Pawlak
50%
Motor Lublin Sebastian Trumiński Sebastian Trumiński
50%
Apator Toruń Stanisław Kowalski Stanisław Kowalski
50%
Ostrovia (KM) Ostrów Stefan Maciejewski Stefan Maciejewski
50%
Unia Tarnów Tomasz Budzik Tomasz Budzik
50%
Apator Toruń Tomasz Chrzanowski Tomasz Chrzanowski
50%
Falubaz ZG Tomasz Kruk Tomasz Kruk
50%
Motor Lublin Zbigniew Studziński Zbigniew Studziński
50%
Unia Leszno Zenon Kasprzak Zenon Kasprzak
50%
Unia Tarnów Zygmunt Pytko Zygmunt Pytko
50%
Apator Toruń Krzysztof Kuczwalski Krzysztof Kuczwalski
33%
Sparta Wrocław Krzysztof Zieliński Krzysztof Zieliński
33%
Sparta Wrocław Ryszard Jany Ryszard Jany
33%
Sparta Wrocław Andrzej Domiszewski Andrzej Domiszewski
25%
Unia Tarnów Adam Ciepiela Adam Ciepiela
0%
Wybrzeże Gdańsk Adam Fajfer Adam Fajfer
0%
Ostrovia (KM) Ostrów Adam Jaziewicz Adam Jaziewicz
0%
Apator Toruń Adam Olkiewicz Adam Olkiewicz
0%
ROW Rybnik Adam Pawliczek Adam Pawliczek
0%
Sparta Wrocław Adolf Słaboń Adolf Słaboń
0%
Apator Toruń Adrian Miedziński Adrian Miedziński
0%
Unia Leszno Alfred Smoczyk Alfred Smoczyk
0%
ROW Rybnik Alfred Spyra Alfred Spyra
0%
ROW Rybnik Alojzy Norek Alojzy Norek
0%
Unia Tarnów Andrzej Bykiewicz Andrzej Bykiewicz
0%
Motor Lublin Andrzej Gąbka Andrzej Gąbka
0%
Falubaz ZG Andrzej Huszcza Andrzej Huszcza
0%
Falubaz ZG Andrzej Jarząbek Andrzej Jarząbek
0%
Motor Lublin Andrzej Jędrej Andrzej Jędrej
0%
Unia Leszno Andrzej Krzesiński Andrzej Krzesiński
0%
Ostrovia (KM) Ostrów Andrzej Krzesiński Andrzej Krzesiński
0%
Motor Lublin Andrzej Mazur Andrzej Mazur
0%
Ostrovia (KM) Ostrów Andrzej Szczepaniak Andrzej Szczepaniak
0%
ROW Rybnik Andrzej Tkocz Andrzej Tkocz
0%
ROW Rybnik Andrzej Węgrzyk Andrzej Węgrzyk
0%
ROW Rybnik Andrzej Wyglenda Andrzej Wyglenda
0%
Sparta Wrocław Andrzej Zieja Andrzej Zieja
0%
Śląsk Świętochłowice Antoni Bielica Antoni Bielica
0%
ROW Rybnik Antoni Fojcik Antoni Fojcik
0%
Stal Rzeszów Antoni Krzywonos Antoni Krzywonos
0%
Sparta Wrocław Artur Bogińczuk Artur Bogińczuk
0%
Unia Tarnów Benedykt Bogdanowicz Benedykt Bogdanowicz
0%
Unia Tarnów Bernard Jąder Bernard Jąder
0%
Unia Leszno Bernard Jąder Bernard Jąder
0%
Wybrzeże Gdańsk Bogdan Berliński Bogdan Berliński
0%
ROW Rybnik Bogdan Berliński Bogdan Berliński
0%
Apator Toruń Bogdan Kowalski Bogdan Kowalski
0%
Wybrzeże Gdańsk Bogdan Skrobisz Bogdan Skrobisz
0%
Apator Toruń Bogdan Szuluk Bogdan Szuluk
0%
Unia Tarnów Bogusław Nowak Bogusław Nowak
0%
Sparta Wrocław Bolesław Gorczyca Bolesław Gorczyca
0%
Falubaz ZG Bonifacy Langner Bonifacy Langner
0%
Unia Tarnów Czesław Kolman Czesław Kolman
0%
Falubaz ZG Czesław Kolman Czesław Kolman
0%
Apator Toruń Czesław Miastkowski Czesław Miastkowski
0%
Wybrzeże Gdańsk Damian Sperz Damian Sperz
0%
Motor Lublin Daniel Jeleniewski Daniel Jeleniewski
0%
ROW Rybnik Dariusz Fliegert Dariusz Fliegert
0%
Unia Leszno Dariusz Łowicki Dariusz Łowicki
0%
Sparta Wrocław Dariusz Śledź Dariusz Śledź
0%
Motor Lublin Dariusz Śledź Dariusz Śledź
0%
Wybrzeże Gdańsk Dariusz Stenka Dariusz Stenka
0%
Unia Tarnów Dawid Bendzera Dawid Bendzera
0%
Motor Lublin Dawid Stachyra Dawid Stachyra
0%
Unia Tarnów Edward Gawełczyk Edward Gawełczyk
0%
Sparta Wrocław Edward Kupczyński Edward Kupczyński
0%
Ostrovia (KM) Ostrów Emil Idziorek Emil Idziorek
0%
Stal Rzeszów Eugeniusz Błaszak Eugeniusz Błaszak
0%
Apator Toruń Eugeniusz Miastkowski Eugeniusz Miastkowski
0%
ROW Rybnik Eugeniusz Skupień Eugeniusz Skupień
0%
ROW Rybnik Eugeniusz Sosna Eugeniusz Sosna
0%
Stal Rzeszów Florian Kapała Florian Kapała
0%
Śląsk Świętochłowice Franciszek Hudała Franciszek Hudała
0%
Ostrovia (KM) Ostrów Franciszek Jaziewicz Franciszek Jaziewicz
0%
Wybrzeże Gdańsk Grzegorz Dzikowski Grzegorz Dzikowski
0%
Stal Rzeszów Grzegorz Kuźniar Grzegorz Kuźniar
0%
Falubaz ZG Grzegorz Malinowski Grzegorz Malinowski
0%
Apator Toruń Grzegorz Podolski Grzegorz Podolski
0%
Unia Tarnów Grzegorz Rempała Grzegorz Rempała
0%
Apator Toruń Grzegorz Śniegowski Grzegorz Śniegowski
0%
Wybrzeże Gdańsk Grzegorz Szymko Grzegorz Szymko
0%
Falubaz ZG Grzegorz Zengota Grzegorz Zengota
0%
ROW Rybnik Henryk Bem Henryk Bem
0%
Falubaz ZG Henryk Ciorga Henryk Ciorga
0%
Unia Tarnów Henryk Jasek Henryk Jasek
0%
Falubaz ZG Henryk Olszak Henryk Olszak
0%
Sparta Wrocław Henryk Piekarski Henryk Piekarski
0%
Sparta Wrocław Henryk Zieja Henryk Zieja
0%
Ostrovia (KM) Ostrów Ireneusz Szewczyk Ireneusz Szewczyk
0%
Ostrovia (KM) Ostrów Jacek Brucheiser Jacek Brucheiser
0%
Wybrzeże Gdańsk Jacek Kalinowski Jacek Kalinowski
0%
Apator Toruń Jacek Krzyżaniak Jacek Krzyżaniak
0%
Wybrzeże Gdańsk Jacek Woźniak Jacek Woźniak
0%
Wybrzeże Gdańsk Jan Gągolewicz Jan Gągolewicz
0%
Falubaz ZG Jan Grabowski Jan Grabowski
0%
Stal Rzeszów Jan Kolber Jan Kolber
0%
Falubaz ZG Jan Krzystyniak Jan Krzystyniak
0%
ROW Rybnik Jan Nowak Jan Nowak
0%
ROW Rybnik Jan Paluch Jan Paluch
0%
ROW Rybnik Jan Tkocz Jan Tkocz
0%
Unia Tarnów Janusz Kapustka Janusz Kapustka
0%
Wybrzeże Gdańsk Janusz Kołacki Janusz Kołacki
0%
Unia Tarnów Janusz Kołodziej Janusz Kołodziej
0%
Unia Tarnów Janusz Łukasik Janusz Łukasik
0%
Motor Lublin Janusz Łukasik Janusz Łukasik
0%
Stal Rzeszów Janusz Stachyra Janusz Stachyra
0%
Stal Rzeszów Jan Wilk Jan Wilk
0%
Apator Toruń Jan Woźnicki Jan Woźnicki
0%
Wybrzeże Gdańsk Jarosław Kalinowski Jarosław Kalinowski
0%
Falubaz ZG Jarosław Szymkowiak Jarosław Szymkowiak
0%
Motor Lublin Jerzy Głogowski Jerzy Głogowski
0%
Apator Toruń Jerzy Kniaź Jerzy Kniaź
0%
Unia Tarnów Jerzy Wilim Jerzy Wilim
0%
ROW Rybnik Jerzy Wilim Jerzy Wilim
0%
ROW Rybnik Joachim Maj Joachim Maj
0%
Stal Rzeszów Józef Batko Józef Batko
0%
Unia Tarnów Józef Górski Józef Górski
0%
Unia Leszno Józef Olejniczak Józef Olejniczak
0%
Falubaz ZG Józef Podhajski Józef Podhajski
0%
ROW Rybnik Kacper Woryna Kacper Woryna
0%
Apator Toruń Karol Ząbik Karol Ząbik
0%
Wybrzeże Gdańsk Karol Żupiński Karol Żupiński
0%
Unia Leszno Kazimierz Bentke Kazimierz Bentke
0%
Sparta Wrocław Konstanty Pociejkowicz Konstanty Pociejkowicz
0%
Śląsk Świętochłowice Krzysztof Bas Krzysztof Bas
0%
Wybrzeże Gdańsk Krzysztof Fede Krzysztof Fede
0%
Wybrzeże Gdańsk Krzysztof Jabłoński Krzysztof Jabłoński
0%
Sparta Wrocław Krzysztof Jankowski Krzysztof Jankowski
0%
Apator Toruń Krzysztof Kwiatkowski Krzysztof Kwiatkowski
0%
Śląsk Świętochłowice Krzysztof Zarzecki Krzysztof Zarzecki
0%
Wybrzeże Gdańsk Leszek Papakul Leszek Papakul
0%
Motor Lublin Leszek Próchniak Leszek Próchniak
0%
ROW Rybnik Ludwik Draga Ludwik Draga
0%
Ostrovia (KM) Ostrów Ludwik Jaskulski Ludwik Jaskulski
0%
Ostrovia (KM) Ostrów Łukasz Sówka Łukasz Sówka
0%
ROW Rybnik Łukasz Szmid Łukasz Szmid
0%
Sparta Wrocław Maciej Janowski Maciej Janowski
0%
Falubaz ZG Maciej Jaworek Maciej Jaworek
0%
Stal Rzeszów Maciej Kuciapa Maciej Kuciapa
0%
Ostrovia (KM) Ostrów Marcin Liberski Marcin Liberski
0%
Unia Tarnów Marcin Rempała Marcin Rempała
0%
Wybrzeże Gdańsk Marek Dera Marek Dera
0%
Motor Lublin Marek Iwaniec Marek Iwaniec
0%
Motor Lublin Marek Kępa Marek Kępa
0%
Ostrovia (KM) Ostrów Marek Latosi Marek Latosi
0%
Unia Tarnów Marian Curyło Marian Curyło
0%
Wybrzeże Gdańsk Marian Kaiser Marian Kaiser
0%
ROW Rybnik Marian Philipp Marian Philipp
0%
Apator Toruń Marian Rose Marian Rose
0%
Stal Rzeszów Marian Spychała Marian Spychała
0%
Unia Tarnów Marian Wardzała Marian Wardzała
0%
Unia Leszno Mariusz Okoniewski Mariusz Okoniewski
0%
Apator Toruń Mariusz Puszakowski Mariusz Puszakowski
0%
ROW Rybnik Mariusz Węgrzyk Mariusz Węgrzyk
0%
ROW Rybnik Michał Mitko Michał Mitko
0%
Ostrovia (KM) Ostrów Michał Szczepaniak Michał Szczepaniak
0%
ROW Rybnik Mieczysław Kmieciak Mieczysław Kmieciak
0%
Wybrzeże Gdańsk Mirosław Berliński Mirosław Berliński
0%
Unia Tarnów Mirosław Cierniak Mirosław Cierniak
0%
ROW Rybnik Mirosław Korbel Mirosław Korbel
0%
Apator Toruń Mirosław Kowalik Mirosław Kowalik
0%
ROW Rybnik Patryk Pawlaszczyk Patryk Pawlaszczyk
0%
Unia Tarnów Paweł Baran Paweł Baran
0%
Ostrovia (KM) Ostrów Paweł Łęcki Paweł Łęcki
0%
Falubaz ZG Paweł Protasiewicz Paweł Protasiewicz
0%
Wybrzeże Gdańsk Paweł Stormowski Paweł Stormowski
0%
Apator Toruń Piotr Baron Piotr Baron
0%
Stal Rzeszów Piotr Gancarz Piotr Gancarz
0%
Unia Tarnów Piotr Leśniowski Piotr Leśniowski
0%
Motor Lublin Piotr Mazurek Piotr Mazurek
0%
Unia Leszno Piotr Pawlicki Piotr Pawlicki
0%
Falubaz ZG Piotr Protasiewicz Piotr Protasiewicz
0%
ROW Rybnik Piotr Pyszny Piotr Pyszny
0%
Stal Rzeszów Piotr Winiarz Piotr Winiarz
0%
Wybrzeże Gdańsk Piotr Żyto Piotr Żyto
0%
ROW Rybnik Rafał Fleger Rafał Fleger
0%
Falubaz ZG Rafał Kurmański Rafał Kurmański
0%
Stal Rzeszów Rafał Trojanowski Rafał Trojanowski
0%
Motor Lublin Robert Dados Robert Dados
0%
Motor Lublin Robert Jucha Robert Jucha
0%
Unia Tarnów Robert Kużdżał Robert Kużdżał
0%
ROW Rybnik Robert Nawrocki Robert Nawrocki
0%
Śląsk Świętochłowice Robert Nawrocki Robert Nawrocki
0%
Apator Toruń Roman Cheładze Roman Cheładze
0%
Motor Lublin Roman Feld Roman Feld
0%
Apator Toruń Roman Janczuro Roman Janczuro
0%
Unia Leszno Roman Jankowski Roman Jankowski
0%
Apator Toruń Roman Kościecha Roman Kościecha
0%
Falubaz ZG Roman Tajchert Roman Tajchert
0%
Ostrovia (KM) Ostrów Roman Wielgosz Roman Wielgosz
0%
Falubaz ZG Romuald Łoś Romuald Łoś
0%
Sparta Wrocław Ronnie Jamroży Ronnie Jamroży
0%
Sparta Wrocław Rudolf Filip Rudolf Filip
0%
Unia Tarnów Rudolf Proszowski Rudolf Proszowski
0%
Motor Lublin Ryszard Bielecki Ryszard Bielecki
0%
Stal Rzeszów Ryszard Czarnecki Ryszard Czarnecki
0%
Ostrovia (KM) Ostrów Ryszard Małecki Ryszard Małecki
0%
Ostrovia (KM) Ostrów Sebastian Brucheiser Sebastian Brucheiser
0%
Falubaz ZG Sławomir Dudek Sławomir Dudek
0%
Unia Tarnów Sławomir Tronina Sławomir Tronina
0%
ROW Rybnik Stanisław Bombik Stanisław Bombik
0%
Unia Tarnów Stanisław Burza Stanisław Burza
0%
Unia Tarnów Stanisław Chorabik Stanisław Chorabik
0%
Unia Leszno Stanisław Glapiak Stanisław Glapiak
0%
Wybrzeże Gdańsk Stanisław Kaiser Stanisław Kaiser
0%
Unia Tarnów Stanisław Kępowicz Stanisław Kępowicz
0%
Wybrzeże Gdańsk Stanisław Kowalski Stanisław Kowalski
0%
Apator Toruń Stanisław Miedziński Stanisław Miedziński
0%
Motor Lublin Stanisław Nocek Stanisław Nocek
0%
Śląsk Świętochłowice Stanisław Rurarz Stanisław Rurarz
0%
Unia Leszno Stanisław Sochacki Stanisław Sochacki
0%
ROW Rybnik Stanisław Tkocz Stanisław Tkocz
0%
Stal Rzeszów Stefan Kępa Stefan Kępa
0%
Motor Lublin Stefan Kępa Stefan Kępa
0%
Apator Toruń Stefan Tietz Stefan Tietz
0%
Falubaz ZG Stefan Żeromski Stefan Żeromski
0%
Motor Lublin Tadeusz Berej Tadeusz Berej
0%
Apator Toruń Tadeusz Jaworski Tadeusz Jaworski
0%
Sparta Wrocław Tadeusz Teodorowicz Tadeusz Teodorowicz
0%
Apator Toruń Tadeusz Wiśniewski Tadeusz Wiśniewski
0%
Apator Toruń Tomasz Bajerski Tomasz Bajerski
0%
Wybrzeże Gdańsk Tomasz Chrzanowski Tomasz Chrzanowski
0%
Ostrovia (KM) Ostrów Tomasz Jędrzejak Tomasz Jędrzejak
0%
Motor Lublin Tomasz Pawelec Tomasz Pawelec
0%
Unia Tarnów Tomasz Rempała Tomasz Rempała
0%
ROW Rybnik Wacław Andrzejewski Wacław Andrzejewski
0%
Sparta Wrocław Waldemar Szuba Waldemar Szuba
0%
Apator Toruń Waldemar Walczak Waldemar Walczak
0%
Śląsk Świętochłowice Wiktor Waloszek Wiktor Waloszek
0%
Motor Lublin Witold Zwierzchowski Witold Zwierzchowski
0%
Wybrzeże Gdańsk Władysław Kamrowski Władysław Kamrowski
0%
Unia Leszno Włodzimierz Heliński Włodzimierz Heliński
0%
Sparta Wrocław Wojciech Kończyło Wojciech Kończyło
0%
Motor Lublin Wojciech Kowalski Wojciech Kowalski
0%
Falubaz ZG Zbigniew Błażejczak Zbigniew Błażejczak
0%
Falubaz ZG Zbigniew Filipiak Zbigniew Filipiak
0%
Stal Rzeszów Zbigniew Jąder Zbigniew Jąder
0%
Unia Leszno Zbigniew Krakowski Zbigniew Krakowski
0%
Motor Lublin Zbigniew Krawczyk Zbigniew Krawczyk
0%
Falubaz ZG Zbigniew Marcinkowski Zbigniew Marcinkowski
0%
Wybrzeże Gdańsk Zbigniew Podlecki Zbigniew Podlecki
0%
Unia Leszno Zdzisław Dobrucki Zdzisław Dobrucki
0%
Unia Leszno Zdzisław Waliński Zdzisław Waliński
0%
Falubaz ZG Zenon Nowak Zenon Nowak
0%
Wybrzeże Gdańsk Zenon Plech Zenon Plech
0%
Sparta Wrocław Zygfryd Kostka Zygfryd Kostka
0%
Motor Lublin Zygmunt Matian Zygmunt Matian
0%
Nie znaleziono quizów pasujących do podanych kryteriów
Rozkład punktacji
Procent ludzi z każdym wynikiem
Percentyl według liczby udzielonych odpowiedzi
Twoja historia wyników
Nie rozwiązałeś tego quizu